|
|
|
|
| LEADER |
00000cam a2200000 a 4500 |
| 001 |
vtls001321961 |
| 003 |
SK-MaSNL |
| 005 |
20260301065635.0 |
| 008 |
240318s1998 xo 000 0 slo |
| 015 |
|
|
|a SNBA1998/06-01863
|
| 020 |
|
|
|a 8022008303
|q (viaz.)
|
| 035 |
|
|
|a SNK000274630
|
| 035 |
|
|
|a urn:nbn:sk:snk-amjc86
|
| 035 |
|
|
|a urn:nbn:sk:snk-am003pow
|
| 035 |
|
|
|a 18935CB9-B5DA-4CE8-96FB-5AB7EC42475E
|
| 040 |
|
|
|a SNK
|b slo
|c SNK
|e AACR2
|
| 041 |
1 |
|
|a slo
|h eng
|
| 044 |
|
|
|a xo
|c SK
|
| 080 |
|
|
|a 159.964.2(076.3)
|2 2001
|
| 100 |
1 |
|
|a Robinson, Jonathan
|4 aut
|9 46559
|
| 240 |
1 |
0 |
|a 200 ways to create the life you want
|l Slovensky
|
| 245 |
1 |
0 |
|a Sám sebe zrkadlom
|b 200 spôsobov, ako si vytvoriť život, aký naozaj chcete
|c Johathan Robinson ; [z anglického originálu ... preložil Miroslav Tkáč]
|
| 260 |
|
|
|a Bratislava
|b Slovenský spisovateľ
|c 1998
|
| 300 |
|
|
|a 100 s.
|c 17 cm
|
| 500 |
|
|
|a Údaj o prekl. prevzatý z rubu tit. strany
|
| 650 |
0 |
7 |
|a osobnosť
|2 SNKPH
|9 4341
|
| 650 |
0 |
7 |
|a psychoterapia
|2 SNKPH
|9 2575
|
| 655 |
|
7 |
|a príručky
|2 SNKPH
|9 74364
|
| 655 |
|
7 |
|a otázky a odpovede
|2 SNKPH
|9 333750
|
| 700 |
1 |
|
|a Tkáč, Miroslav
|4 trl
|9 10592
|
| 919 |
|
|
|a 80-220-0830-3
|
| 958 |
|
|
|a OP
|
| 958 |
|
|
|a TL
|
| 958 |
|
|
|a CZ
|
| 958 |
|
|
|a US
|
| 968 |
|
|
|a SLO
|b ENG
|
| 999 |
|
|
|c 631439
|d 633369
|
| 952 |
|
|
|t P60, <04>, [BOOK], {604}
|a SNK
|b SNK
|y VYP
|7 0
|p 17A0125928
|o snkSD 69272 D1
|i snkKSP 1882/98
|0 0
|1 0
|4 0
|d 1998-02-24
|f 1
|l 0
|r 2005-01-02 00:00:00
|w 2026-02-23
|
| 952 |
|
|
|t P60, <03>, [BOOK], {603}
|a SNK
|b SNK
|y PREZ
|7 0
|p 17A0125931
|o snkSD 69272
|i snkKSP 1881/98
|0 0
|1 0
|4 0
|d 1998-02-24
|l 0
|r 2005-01-02 00:00:00
|w 2026-02-23
|